000 00444nam a2200181Ia 4500
001 11227
005 20260306161930.0
008 260306t2013||||xx |||||||||||||| ||spa||
041 _aESP
082 _a985.019
_bM86
100 _aMorris, Craig
_eAUT
245 0 _aEl palacio, la plaza y la fiesta en el imperio Inca
260 _c2013
300 _a304 páginas :
_c24 cm.
650 _aGEN
654 _aCHU
942 _cLIB
_dJUS
_fJUS
_2ddc
_n
999 _c11227
_d11227